000 01520nam a2200373 i 4500
001 000016084
003 DO-SdBNP
005 20260415174538.0
007 ta
008 100225s2002 dr ac r 001 0 spa d
020 _a9993462071
040 _aDO-SdBNP
_bspa
_cBNPHU
_erda
082 4 _a923.57293
_bF363c, 2002
_222
245 0 0 _aCoronel Fernández Domínguez :
_bmodelo de soldado democrático /
_cpresentación, Iván Grullón Fernández ; colaboradores, Arlette Fernández, Amadeo Julián y Ramón Colombo.
250 _asegunda edición
264 _aSanto Domingo :
_beditora UASD,
_c2002.
300 _a81 páginas :
_bilustraciones, retratos ;
_c21 cm.
336 _atexto
_btxt
_2rdacontent
337 _asin mediación
_bn
_2rdamedia
338 _avolumen
_bnc
_2rdacarrier
490 1 _aPublicaciones de la Universidad Autónoma de Santo Domingo
_v959
490 1 _aHistoria y Sociedad
_v99
500 _aEn la cubierta: 19 de mayo Día del Soldado Democrático.
600 1 4 _aFernández Domínguez, Rafael Tomás,
_d1934-1965
_919048
650 0 _a
_912155
651 4 _aRepública Dominicana
_xHistoria
_yRevolución, 1965
_92167
700 1 2 _aGrullón Fernández, Iván
_936067
700 1 _aFernández, Arlette,
_d1937-,
_ecolaborador
_936068
_4col.
700 1 _aJulián, Amadeo,
_ecolaborador
_936069
_4col.
700 1 2 _aColombo, Ramón,
_ecolaborador
_98369
_4col.
710 1 _aUniversidad Autónoma de Santo Domingo
_972951
910 _aValidado. Control de calidad. MMOLINA
942 _2ddc
_cLBS1
999 _c15625
_d15625